Machine Learning

Saved in:
Bibliografiske detaljer
Hovedforfatter: Flach
Format: Bog
Udgivet: CUP
Tags: Tilføj Tag
Ingen Tags, Vær først til at tagge denne postø!

MARC

LEADER 00000nam a2200000Ia 4500
005 20260513122052.0
020 |a 9781316506110 
100 |a Flach 
365 |c Rs. 
365 |b 20.00 
942 |c BK 
245 |a Machine Learning 
260 |b CUP 
999 |c 73  |d 73 
952 |0 0  |1 0  |4 0  |7 0  |a UNSW  |b UNSW  |d 2026-04-29  |g 1895.00  |i 16670  |l 0  |p 000033  |r 2026-05-13 12:20:52  |v 1895.00  |w 2026-05-13  |y BK